Opportunities for PPP in culture

Význam PPP projektov. Štruktúra PPP projektov v Európe a v štátoch strednej a východnej Európy. Metódy financovania kultúry. PPP projekty v kultúre.

Saved in:
Bibliographic Details
Main Author: Buzinkayová, Mária
Format: Book Chapter
Language:English
Subjects:
Tags: Add Tag
No Tags, Be the first to tag this record!

MARC

LEADER 00000naa a2200000 4500
001 0142444
005 20240521105659.8
041 0 |a eng 
044 |a SK 
245 1 0 |a Opportunities for PPP in culture  |c Mária Buzinkayová 
520 |a Význam PPP projektov. Štruktúra PPP projektov v Európe a v štátoch strednej a východnej Európy. Metódy financovania kultúry. PPP projekty v kultúre. 
610 2 0 |a partnerstvo verejno-súkromné 
610 2 0 |a projekty 
610 2 0 |a kultúra 
610 2 0 |a Európa 
610 2 0 |a Slovensko 
610 2 0 |a riadenie projektové 
610 2 0 |a financovanie projektové 
100 1 |a Buzinkayová, Mária